Statistics for Scientists by Living Years

Click here to take the quiz!

General Stats

  • This quiz has been taken 18 times
  • The average score is 6 of 15

Answer Stats

Living YearsScientist% Correct
1879-1955Albert Einstein
92%
1642-1727Isaac Newton
77%
1942-Stephen Hawking
77%
1809-1882Charles Darwin
69%
1564-1642Galileo Galilei
62%
1473-1543Nicholas Copernicus
62%
1871-1937Ernest Rutherford
38%
1833-1896Alfred Nobel
23%
1845-1923Wilhelm Conrad Rontgen
23%
1934-1996Carl Sagan
15%
1745-1827Alessandro Volta
8%
1623-1662Blaise Pascal
8%
1629-1695Christiaan Huygens
8%
1736-1819James Watt
8%
1656-1742Edmond Halley
0%

Score Distribution

Percentile by Number Answered

Percent of People with Each Score

Your Score History

You have not taken this quiz